00231nam a2200085Ia 4500008004100000041000800041100002200049245005300071260002100124241105s9999 xx 000 0 und d aeng aKulkarni Priyanka aDesigning Of Sub Market Yard Uruli Devachi Pune. bBNCA, Punec2019